00976nam0a2200241 4500001001800000005001700018035002600035100004100061101000800102102000700110105001600117135001800133200016700151210004500318215002300363325008800386541011900474606003500593686001200628700002900640801002800669852003700697RU\NLR\ONL1\2101920250613223126.0 a(NLR Aleph) 010206742 a20121024d1932 |||y0rusy50 ca0 akom aRU aa ||||||||| acrgn 008apaba1 aХимияeШКМ-ын медводдза во велöдчысъяслы да ФЗС-ын 5-д во велöдчысъяслы отсöгfД. А. Шахов aСыктывкарcКомигизd1932 a112 с.cил.d23 aКопия доступна в электронной библиотеке РНБ1 aУчебная книга по химии для 1-ой группы ШКМ и для 5 группы ФЗСzrus0 aХимия3RU\NLR\auth\6662961 aГ1 я7 1aШаховbД. А.4070 0aRUbNLRc20121024gPSBO aNLRbОНЛjКоми-з./3-1901